Basic Technical Mathematics with Calculus. (Record no. 933)

MARC details
005 - DATE AND TIME OF LATEST TRANSACTION
control field 20250319095319.0
020 ## - INTERNATIONAL STANDARD BOOK NUMBER
International Standard Book Number 0-201-52464-3
082 ## - DEWEY DECIMAL CLASSIFICATION NUMBER
Classification number 510 WAS
100 ## - MAIN ENTRY--PERSONAL NAME
Author name WASHINGTON, A.J.
245 ## - TITLE STATEMENT
Title Basic Technical Mathematics with Calculus.
250 ## - EDITION STATEMENT
Edition statement 5th Ed.
260 ## - PUBLICATION, DISTRIBUTION, ETC.
Place of publication, distribution, etc. New York,
Name of publisher, distributor, etc. The Benjamin/Cummings Publishing Company,
Date of publication, distribution, etc. 1990.
300 ## - PHYSICAL DESCRIPTION
Extent xviii,1050p.: Ill.;figures table.
Other physical details Index.
Dimensions 24cm.
942 ## - ADDED ENTRY ELEMENTS (KOHA)
Source of classification or shelving scheme Dewey Decimal Classification
Koha item type Books
Holdings
Date last seen Total checkouts Full call number Barcode Cost, replacement price Price effective from Koha item type Lost status Source of classification or shelving scheme Damaged status Not for loan Withdrawn status Home library Current library Shelving location Date acquired Cost, normal purchase price
03/19/2025   510 WAS 0000003752 114000.00 03/19/2025 Books   Dewey Decimal Classification       College of Business Education Main Library College of Business Education Main Library General Collection 03/19/2025 38000.00
03/19/2025   510 WAS 0000003753 114000.00 03/19/2025 Books   Dewey Decimal Classification       College of Business Education Main Library College of Business Education Main Library General Collection 03/19/2025 38000.00
03/19/2025   510 WAS 0000003754 114000.00 03/19/2025 Books   Dewey Decimal Classification       College of Business Education Main Library College of Business Education Main Library General Collection 03/19/2025 38000.00